|
|
|
|
| LEADER |
00000cam a2200000 7i4500 |
| 001 |
0000003158 |
| 005 |
20050308.0 |
| 020 |
0 |
0 |
|a 983232031915
|
| 090 |
0 |
0 |
|a 005.72
|b ISK
|
| 100 |
0 |
0 |
|a Iskandar Ab Rashid
|
| 245 |
0 |
0 |
|a Membina laman web menggunakan XHTML :
|b langkah demi langkah
|c Iskandar Ab Rashid, Zaitun Ismail
|
| 260 |
0 |
0 |
|a Kuala Lumpur :
|b Venton Pub. ,
|c 2002
|
| 300 |
|
|
|a v, 379ms. :
|b il. ;
|c 26cm.
|
| 650 |
0 |
0 |
|a Web sites
|x Design
|
| 650 |
0 |
0 |
|a XHTML (Document markup language)
|
| 700 |
0 |
1 |
|a Zaitun Ismail
|
| 999 |
|
|
|a 0000005535
|b Monograph
|c Open Shelf
|e Default branch
|